| 000 | 00591nam a22001817a 4500 | ||
|---|---|---|---|
| 005 | 20180507154317.0 | ||
| 010 | _aENG-122506 | ||
| 020 |
_a9789380574929 _c995.00 |
||
| 035 | _aEN-106038 | ||
| 037 | _bDBAD/PUB | ||
| 082 | _a338.9270954 | ||
| 245 |
_aSustainable development and environmental protetion / _ced. by C M Lakshmana |
||
| 260 |
_aDelhi _bBookwell _c2016 |
||
| 270 |
_a3/79, Nirankari Colony, _bDelhi _e110009 _k91-11-27601283 _mbkwell@nde.vsnl.net.in, |
||
| 300 |
_a296p. _bill. _c24cm(Hb) |
||
| 700 | _dLakshmana C M | ||
| 942 |
_2ddc _cEN _mSUS _h338.92709545 |
||
| 999 |
_c150844 _d150844 |
||